Office and administrtive management : (Record no. 5539)

MARC details
000 -LEADER
fixed length control field 00593cam a2200193ua 4500
001 - CONTROL NUMBER
control field 6394
005 - DATE AND TIME OF LATEST TRANSACTION
control field 20260515114038.0
008 - FIXED-LENGTH DATA ELEMENTS--GENERAL INFORMATION
fixed length control field 131205n ii |||gr||||Z||||||eng
040 ## - CATALOGING SOURCE
Transcribing agency MAIN
082 ## - DEWEY DECIMAL CLASSIFICATION NUMBER
Classification number 651.3
245 11 - TITLE STATEMENT
Title Office and administrtive management :
Remainder of title system analysis,data processing and office services /
Statement of responsibility, etc. By C.L. Littlefield .
250 ## - EDITION STATEMENT
Edition statement 3rd ed.
260 ## - PUBLICATION, DISTRIBUTION, ETC.
Place of publication, distribution, etc. New delhi:
Name of publisher, distributor, etc. Prentice-hall of India private limited,
Date of publication, distribution, etc. 1971.
300 ## - PHYSICAL DESCRIPTION
Extent xxi,517p.
653 ## - INDEX TERM--UNCONTROLLED
Uncontrolled term Commerce
653 ## - INDEX TERM--UNCONTROLLED
Uncontrolled term Office and administrtive management
700 1# - ADDED ENTRY--PERSONAL NAME
Personal name Littlefield,C.L.,
Relator term Author.,
942 ## - ADDED ENTRY ELEMENTS (KOHA)
Koha item type Books
Holdings
Withdrawn status Lost status Damaged status Not for loan Home library Current library Shelving location Date acquired Total checkouts Full call number Barcode Date last seen Copy number Price effective from Koha item type
        Naharkatiya College Library Naharkatiya College Library General stacks 09/19/2020   651.3 | LIT 651.3 09/19/2020 1 09/19/2020 Books